000 00506nam a22001817a 4500
005 20231121112005.0
010 _aENG-138295
020 _a9788170637912
_c150.00
035 _aEN-121827
037 _bDBAD/PUB
082 _a370
_b1
100 _aGhosal,jayati
_958881
245 _aTeaching of English/
_cBy Jayati Ghoshal
260 _aDelhi
_bArya book depot
_c2011
270 _a30 Naiwala karol bagh
_bDelhi
_e110005
300 _a264p.
_c25cm(pbk)
942 _2ddc
_cEN
_h370
_mGHO
999 _c198838
_d198838